the story of philosophy: (Record no. 9626)
[ view plain ]
| 000 -LEADER | |
|---|---|
| fixed length control field | 00611cac a22002051u 4500 |
| 090 ## - LOCALLY ASSIGNED LC-TYPE CALL NUMBER (OCLC); LOCAL CALL NUMBER (OCLC) | |
| -- | 5927 |
| 008 - FIXED-LENGTH DATA ELEMENTS--GENERAL INFORMATION | |
| fixed length control field | 081119t2000 xxu||||| |||| 00| 0 eng d |
| 020 ## - INTERNATIONAL STANDARD BOOK NUMBER | |
| International Standard Book Number | 3829020376 |
| 082 ## - DEWEY DECIMAL CLASSIFICATION NUMBER | |
| Classification number | 190 |
| Item number | DEL |
| 100 ## - MAIN ENTRY--PERSONAL NAME | |
| Personal name | Delius, Christoph |
| 9 (RLIN) | 1267 |
| 245 ## - TITLE STATEMENT | |
| Title | the story of philosophy: |
| Remainder of title | from antiquity to the present/ |
| Statement of responsibility, etc | Christoph Delius [et...] |
| 260 ## - PUBLICATION, DISTRIBUTION, ETC. (IMPRINT) | |
| Place of publication, distribution, etc | cologne: |
| Name of publisher, distributor, etc | Konemann, |
| Date of publication, distribution, etc | c2000 |
| 260 ## - PUBLICATION, DISTRIBUTION, ETC. (IMPRINT) | |
| Name of publisher, distributor, etc | Distributer: Al-Ahram. |
| 300 ## - PHYSICAL DESCRIPTION | |
| Extent | 120p.: |
| Other physical details | col. ill; |
| Dimensions | 28 cm. |
| 650 ## - SUBJECT ADDED ENTRY--TOPICAL TERM | |
| Topical term or geographic name as entry element | philosophy |
| General subdivision | history |
| 700 ## - ADDED ENTRY--PERSONAL NAME | |
| Personal name | Gatzemeier, Matthias |
| 700 ## - ADDED ENTRY--PERSONAL NAME | |
| Personal name | Sertcan deniz |
| 700 ## - ADDED ENTRY--PERSONAL NAME | |
| Personal name | wunscher kathleen |
| 942 ## - ADDED ENTRY ELEMENTS (KOHA) | |
| Item type | Book - Borrowing |
| Call number prefix | 190DEL |
| Source of classification or shelving scheme | Dewey Decimal Classification |
| Withdrawn status | Item status | Damaged status | Not for loan | Home library | Current library | Shelving location | Date acquired | Source of acquisition | Total Checkouts | Full call number | Barcode | Date last seen | Date last borrowed | Koha item type |
|---|---|---|---|---|---|---|---|---|---|---|---|---|---|---|
| Central Library | Central Library | Lower Floor | 25/05/2008 | Purchase | 1 | 190 DEL | 000011534 | 15/07/2025 | 19/01/2016 | Book - Borrowing |